Catálogo público

A colour atlas of poisonous fungi : (Record no. 200434)

MARC details
000 -CABECERA
campo de control de longitud fija 00841nam a2200289Ia 4500
001 - NÚMERO DE CONTROL
campo de control Para_1821
003 - IDENTIFICADOR DEL NÚMERO DE CONTROL
campo de control CHAP
008 - DATOS DE LONGITUD FIJA--INFORMACIÓN GENERAL
campo de control de longitud fija 220125s1990 xx 000 0 und d
010 ## - NÚMERO DE CONTROL DE LA BIBLIOTECA DEL CONGRESO
Número de control de LC 200434
040 ## - FUENTE DE LA CATALOGACIÓN
Centro/agencia transcriptor CHAP
082 ## - NÚMERO DE LA CLASIFICACIÓN DECIMAL DEWEY
Número de clasificación PA 635.8 B7
100 ## - ENTRADA PRINCIPAL--NOMBRE DE PERSONA
Nombre de persona Bresinsky, Andreas
9 (RLIN) 165306
245 ## - MENCIÓN DE TÍTULO
Título A colour atlas of poisonous fungi :
Resto del título a handbook for pharmacists, doctors, and biologists /
Mención de responsabilidad, etc. by Andreas Bresinsky and Helmut Besl
260 ## - PUBLICACIÓN, DISTRIBUCIÓN, ETC.
Lugar de publicación, distribución, etc. London :
Nombre del editor, distribuidor, etc. Walfe
300 ## - DESCRIPCIÓN FÍSICA
Extensión 295 p.
650 ## - PUNTO DE ACCESO ADICIONAL DE MATERIA--TÉRMINO DE MATERIA
Término de materia o nombre geográfico como elemento de entrada Hongos
Subdivisión general nomenglatura
9 (RLIN) 165307
650 ## - PUNTO DE ACCESO ADICIONAL DE MATERIA--TÉRMINO DE MATERIA
Término de materia o nombre geográfico como elemento de entrada Hongos venenosos
9 (RLIN) 56138
700 ## - PUNTO DE ACCESO ADICIONAL--NOMBRE DE PERSONA
Nombre de persona Besl, Helmut
9 (RLIN) 165308
700 ## - PUNTO DE ACCESO ADICIONAL--NOMBRE DE PERSONA
Nombre de persona Bisset, Norman G.
9 (RLIN) 165309
901 ## - ELEMENTOS DE DATOS A LOCAL LDA (RLIN)
a PA 635.8 B7
902 ## - ELEMENTOS DE DATOS B LOCAL, LDB (RLIN)
a A
905 ## - ELEMENTOS DE DATOS E LOCAL, LDE (RLIN)
a 0000001990 a 0000000000 00
910 ## - DATOS DE OPCIÓN DEL USUARIO (OCLC)
Datos de opción del usuario 1990
942 ## - ELEMENTOS DE PUNTO DE ACCESO ADICIONAL (KOHA)
Tipo de ítem Koha Parasitologia_
942 ## - ELEMENTOS DE PUNTO DE ACCESO ADICIONAL (KOHA)
Tipo de ítem Koha Parasitologia_
-- 1
Holdings
Estado de retiro Estado de pérdida Fuente del sistema de clasificación o colocación Estado dañado No para préstamo Código de colección Localización permanente Ubicación/localización actual Fecha de adquisición Información codificada de la localización en otra ubicación Número de inventario Total de préstamos Signatura topográfica completa Código de barras Fecha visto por última vez Número de copia Precio válido a partir de Tipo de ítem Koha Nota pública
    Dewey Decimal Classification     General Parasitologia Agricola Parasitologia Agricola 27/10/2005 PARA (PA 7460) (No UACh C/E)   PA 635.8 B7 4102003723 25/01/2022 Ej.1 25/01/2022 Libro 3